Poverty of power: Energy and the economic crisis (Record no. 33493)

MARC details
000 -LEADER
fixed length control field 00322nam a2200121Ia 4500
082 ## - DEWEY DECIMAL CLASSIFICATION NUMBER
Classification number 620.9
Item number COM;1
100 ## - MAIN ENTRY--AUTHOR NAME
Personal name Commoner, Barry
245 #0 - TITLE STATEMENT
Title Poverty of power: Energy and the economic crisis
260 ## - PUBLICATION, DISTRIBUTION, ETC. (IMPRINT)
Place of publication New York
Name of publisher Alfred A Knopf
Year of publication 1976
650 ## - SUBJECT ADDED ENTRY--TOPICAL TERM
Topical Term Power
942 ## - ADDED ENTRY ELEMENTS (KOHA)
Koha item type Books
Holdings
Withdrawn status Lost status Damaged status Not for loan Home library Current library Date acquired Cost, normal purchase price Full call number Accession Number Koha item type
        RRII Library RRII Library 16/12/2021 2.75 620.9 COM;1 13990 Books